书目信息 |
| 题名: |
侯宝林的幽默
|
|
| 作者: | 方成 著 | |
| 分册: | ||
| 出版信息: | 北京 中国社会出版社 2005.12 |
|
| 页数: | 291页 | |
| 开本: | 20cm | |
| 丛书名: | ||
| 单 册: | ||
| 中图分类: | I207.3 | |
| 科图分类: | ||
| 主题词: | ||
| 电子资源: | ||
| ISBN: | 7-5087-0834-2 | |
| 000 | 00979nam0 2200301 450 | |
| 000 | 00942nam0 2200289 450 | |
| 000 | 00933nam0 2200289 450 | |
| 000 | 00906nam0 2200289 450 | |
| 000 | 00852nam0 2200265 450 | |
| 000 | 00881nam0 2200253 450 | |
| 000 | 00844nam0 2200241 45 | |
| 001 | 0199020827 | |
| 005 | 20061204090218.06 | |
| 010 | @a7-5087-0834-2@dCNY30.00 | |
| 100 | @a19990405d1999 em y0chiy0121 ea | |
| 101 | 0 | @achi |
| 102 | @aCN@b130000 | |
| 105 | @af z 000dy | |
| 200 | 1 | @a侯宝林的幽默@AHou Bao Lin De You Mo@e侯宝林作品赏析@EHou Bao Lin Zuo Pin Shang Xi@f方成著@FFang Cheng Zhu |
| 210 | @a北京@c中国社会出版社@d2005.12 | |
| 215 | @a291页@c插图@d20cm | |
| 600 | 0 | @a侯宝林(1917-1993)@x相声@x文学评论 |
| 690 | @aI207.3@v3 | |
| 701 | 0 | @a方成@AFang Cheng@4著 |
| 801 | 0 | @aCN@b中图数据@c20061204 |
| 905 | @a10447@dI207.3@e102 | |
| 侯宝林的幽默:侯宝林作品赏析/方成著.-北京:中国社会出版社,2005.12 |
| 291页:插图;20cm |
| ISBN 7-5087-0834-2:CNY30.00 |
| ● |
| 相关链接 |
|
|
|
|
正题名:侯宝林的幽默
索取号:I207.3/102
 
预约/预借
| 序号 | 登录号 | 条形码 | 馆藏地/架位号 | 状态 | 备注 |
| 1 | 0616400 | 206164005 | 第一样本阅览室/ [索取号:I207.3/102] | 在馆 | |
| 2 | 0616401 | 206164014 | 第二借阅区/ [索取号:I207.3/102] | 在馆 | |
| 3 | 0616402 | 206164023 | 第二借阅区/ [索取号:I207.3/102] | 在馆 | |
| 4 | 0616403 | 206164032 | 第二借阅区/ [索取号:I207.3/102] | 在馆 | |
| 5 | 0616404 | 206164041 | 第二借阅区/ [索取号:I207.3/102] | 在馆 | |
| 6 | 0616405 | 206164050 | 第二借阅区/ [索取号:I207.3/102] | 在馆 |